| 000 | 00729nam a22002417a 4500 | ||
|---|---|---|---|
| 001 | 9432 | ||
| 003 | FISKH | ||
| 005 | 20260106154604.0 | ||
| 008 | 260106b cb ||||| |||| 00| 0 eng d | ||
| 040 |
_aFISKH _beng _cFISKH _dFISKH |
||
| 050 | _aPZ7 | ||
| 082 | _a910 | ||
| 100 | _aDutta, Shyama | ||
| 245 |
_aLet's know about north & central America / _cBy Shyama Dutta |
||
| 260 |
_aViman Nagar : _bUnicate Publications , _c2003. |
||
| 300 |
_a12 unnumbered pages : _bcolor illustrations ; _c20 cm . |
||
| 700 |
_aSharma , Pankaj _eProject manager |
||
| 700 |
_aRoncon , Jenifer _eProof Reader |
||
| 700 |
_aMatharu , Vicky _eDesigner |
||
| 700 |
_aMatharu , Archana _eDesigner |
||
| 942 |
_2ddc _cBK _n0 |
||
| 999 |
_c9432 _d9432 |
||